[Event "Pardubice Czech op-A 30th"]
[Site "Pardubice"]
[Date "2019.07.21"]
[Round "3"]
[White "Godzwon, Iwo"]
[Black "Soham, Datar"]
[Result "1/2-1/2"]
[WhiteElo "2285"]
[BlackElo "2129"]
[PlyCount "125"]
[EventDate "2019.07.19"]
[EventType "swiss"]
[EventRounds "9"]
[EventCountry "CZE"]
[SourceTitle "CBM 191"]
[Source "ChessBase"]
[SourceDate "2019.08.31"]
[SourceVersion "1"]
[SourceVersionDate "2019.08.31"]
[SourceQuality "1"]

1. e4 c5 2. Nf3 d6 3. d4 cxd4 4. Nxd4 Nf6 5. Nc3 a6 6. f3 e5 7. Nb3 Be6 8. Be3 Nbd7 9. Qd2 h5 10. 0-0-0 Rc8 11. Nd5 Bxd5 12. exd5 Be7 13. Kb1 Nb6 14. Qa5 Nc4 15. Bxc4 Rxc4 16. Qd2 Rc8 17. f4 Ng4 18. fxe5 Nxe5 19. Bd4 Bf6 20. Qe2 g6 21. Nd2 0-0 22. Ne4 Bg7 23. h3 f5 24. Nd2 Re8 25. Qf2 Qc7 26. Nf3 Nxf3 27. gxf3 Bxd4 28. Rxd4 Kh7 29. Rg1 Qf7 30. Qg3 Re5 31. f4 Re2 32. c3 Rce8 33. Rc4 R2e7 34. a3 Rg8 35. Qg5 Re3 36. h4 Re7 37. Kc2 Rg7 38. Rd4 b5 39. Rg2 a5 40. Qg3 Qe8 41. Kd2 Re4 42. Qd3 Rxd4 43. Qxd4 Qd8 44. Rh2 Re7 45. Qd3 b4 46. axb4 axb4 47. Re2 bxc3+ 48. Qxc3 Rc7 49. Qb4 Rc5 50. Qb7+ Rc7 51. Qb4 Rc5 52. Qb7+ Kh6 53. Re7 Qh8 54. Kd3 Rc1 55. Rf7 Re1 56. Qa7 Qg8 57. b4 Qh8 58. Kc4 Rc1+ 59. Kb5 Qe8+ 60. Qd7 Qb8+ 61. Qb7 Qe8+ 62. Qd7 Qb8+ 63. Qb7 1/2-1/2